Sefer Sheʼelot u-teshuvot Ḥeleḳ Leṿi : (Record no. 32811)

MARC details
000 -LEADER
fixed length control field 00973cam a22002771a 4500
001 - CONTROL NUMBER
control field he 67002502
003 - CONTROL NUMBER IDENTIFIER
control field DLC
005 - DATE AND TIME OF LATEST TRANSACTION
control field 20260227111452.0
008 - FIXED-LENGTH DATA ELEMENTS--GENERAL INFORMATION
fixed length control field 910923s1934 hu 000 0 hebr
010 ## - LIBRARY OF CONGRESS CONTROL NUMBER
LC control number he 67002502
035 ## - SYSTEM CONTROL NUMBER
System control number (OCoLC)24434302
040 ## - CATALOGING SOURCE
Original cataloging agency DLC
Transcribing agency CLU
Modifying agency DLC
042 ## - AUTHENTICATION CODE
Authentication code premarc
050 00 - LIBRARY OF CONGRESS CALL NUMBER
Classification number BM522.76
Item number .O53
100 1# - MAIN ENTRY--PERSONAL NAME
Personal name Pollak, Menachem.
245 10 - TITLE STATEMENT
Title Sefer Sheʼelot u-teshuvot Ḥeleḳ Leṿi :
Remainder of title ʻal Oraḥ ḥayim ṿe-Yoreh deʻah... /
Statement of responsibility, etc. Menaḥem Segal Polaḳ...
260 ## - PUBLICATION, DISTRIBUTION, ETC.
Place of publication, distribution, etc. Mishkolts :
Name of publisher, distributor, etc. Bi-defus B. Friedman,
Date of publication, distribution, etc. 1934.
300 ## - PHYSICAL DESCRIPTION
Extent 5, 43, 131 leaves ;
Dimensions 34 cm.
500 ## - GENERAL NOTE
General note "Ḥesed le-Avraham [Divre Agadah she-yesh ba=hem ʻerekh musari]": 43 leaves (2d group).
600 10 - SUBJECT ADDED ENTRY--PERSONAL NAME
Personal name Karo, Joseph ben Ephraim,
Dates associated with a name 1488-1575.
Title of a work Shulḥan ʻarukh.
650 #0 - SUBJECT ADDED ENTRY--TOPICAL TERM
Topical term or geographic name entry element Responsa
Chronological subdivision 1800-1948.
740 0# - ADDED ENTRY--UNCONTROLLED RELATED/ANALYTICAL TITLE
Uncontrolled related/analytical title Sheʼelot u-teshuvot Ḥeleḳ Leṿi.
740 0# - ADDED ENTRY--UNCONTROLLED RELATED/ANALYTICAL TITLE
Uncontrolled related/analytical title Ḥeleḳ Leṿi.
740 0# - ADDED ENTRY--UNCONTROLLED RELATED/ANALYTICAL TITLE
Uncontrolled related/analytical title Shut Ḥeleḳ Leṿi.
752 ## - ADDED ENTRY--HIERARCHICAL PLACE NAME
Country or larger entity Hungary
City Miskolcz

No items available.

Powered by Koha